000 00630nam a22001937a 4500
005 20250404144403.0
010 _aENG-144423
020 _a9789387865228
_c260.00
035 _aEN-127955
037 _bDBAD
082 _a692.5
100 _aVigneshwar, S.
_980324
245 _aA Textbook on Estimate and Quantity Surveying/
_cS. Vigneshwar [and] R.S. Gandhimathi
260 _aChennai
_bForschung Publications
_c2019
270 _aMogappair
_bChennai
_k9626166683
_mforchungpublications@gmail.com
300 _a91p.
_c23cm(pb)
700 _aGandhimathi, R.S.
_eAuthor
_979408
942 _2ddc
_cEN
_h692.5
_mVIG
999 _c210820
_d210820